Jeux Pokémon de la série principale - Statistiques

Statistiques générales
  • Ce quiz a été pris 239 fois
  • Le résultat moyen est 32 sur 39
Statistiques - réponses
Date de sortie (France) Réponse % Correct
1996 (1999) Bleu
99%
1996 (1999) Rouge
99%
1996 Vert
99%
1998 (2000) Jaune
95%
2006 (2007) Diamant
94%
2010 (2011) Blanc
93%
2010 (2011) Noir
93%
2006 (2007) Perle
92%
2013 X
92%
2013 Y
92%
1999 (2001) Argent
91%
2019 Epée
91%
1999 (2001) Or
91%
2002 (2003) Saphir
91%
2019 Bouclier
90%
2012 (2012) Blanc 2
88%
2012 (2012) Noir 2
88%
2002 (2003) Rubis
88%
2016 Lune
87%
2008 (2009) Platine
87%
2016 Soleil
87%
2004 (2005) Emeraude
85%
2022 Violet
84%
2022 Ecarlate
82%
2014 Rubis Oméga
81%
2014 Saphir Alpha
81%
2017 Ultra Lune
79%
2017 Ultra Soleil
79%
2009 (2010) Heartgold
78%
2004 Rouge Feu
78%
2009 (2010) Soulsilver
77%
2004 Vert Feuille
77%
2018 Let's go Evoli
71%
2018 Let's go Pikachu
71%
2000 (2001) Cristal
66%
2021 Diamant Etincelant
59%
2021 Perle Scintillante
59%
2022 Légende Arceus
45%
2025 Légende Z-A
32%
Aucun quiz correspondant
Distribution des résultats
% des personnes avec chaque résultat
Percentile par nombre de réponses
Votre historique - résultats
Vous n’avez pas pris ce quiz